Historiografía española contemporánea (Record no. 115778)

MARC details
000 -LEADER
campo de control de longitud fija 00905nam a2200229 i 4500
001 - NÚMERO DE CONTROL
campo de control 115778
003 - IDENTIFICADOR DE NÚMERO DE CONTROL
campo de control ES-MaACL
005 - FECHA Y HORA DE LA ÚLTIMA TRANSACCIÓN
campo de control 20240227093516.0
007 - CAMPO FIJO DE DESCRIPCIÓN FÍSICA--INFORMACIÓN GENERAL
campo de control de longitud fija t|
008 - DATOS DE LONGITUD FIJA--INFORMACIÓN GENERAL
campo de control de longitud fija 070511s1980 sp ||||1| spa d
020 ## - NÚMERO INTERNACIONAL ESTÁNDAR DEL LIBRO
Número Internacional Estándar del Libro 84-323-0393-3
080 ## - NÚMERO DE LA CLASIFICACIÓN DECIMAL UNIVERSAL
Número de la Clasificación Decimal Universal 930(460)(063)
245 00 - MENCIÓN DEL TÍTULO
Título Historiografía española contemporánea
Resto del título : Balance y resumen [del] X Coloquio del Centro de Investigaciones Hispánicas de la Universidad de Pau $c por Manuel Tuñón de Lara... [et al.].
250 ## - MENCION DE EDICION
Mención de edición [1ª] ed.
260 ## - PUBLICACIÓN, DISTRIBUCIÓN, ETC.
Lugar de publicación, distribución, etc. Madrid :
Nombre del editor, distribuidor, etc. Siglo XXI de España,
Fecha de publicación, distribución, etc. 1980.
300 ## - DESCRIPCIÓN FÍSICA
Extensión 498 p. ;
Dimensiones 21 cm.
650 #4 - PUNTO DE ACCESO ADICIONAL DE MATERIA--TÉRMINO DE MATERIA
Término de materia o nombre geográfico como elemento de entrada Historiografía-
Subdivisión geográfica España-
Subdivisión de forma Congresos y asambleas.
9 (RLIN) 13442
700 0# - ENTRADA AGREGADA--NOMBRE PERSONAL
Nombre de persona Tuñón de Lara, Manuel,
Fechas asociadas al nombre 1915-1997
9 (RLIN) 111681
711 2# - ENTRADA AGREGADA--NOMBRE DE REUNIÓN
Nombre de congreso/reunión o jurisdicción como elemento de entrada Coloquio del Centro de Investigaciones Hispánicas de la Universidad de Pau (
Número del congreso/reunión o número de parte o sección 10º.
Fecha del congreso o de la firma del tratado 1979.
Sede del congreso/Lugar de la reunión Pau)
9 (RLIN) 95
852 ## - LOCALIZACIÓN
Ubicación ES-MaACL
Número de control de estantería L-593
Sublocalización o colección R.101175
Holdings
Estatus retirado Estado de pérdida Estado de daño No para préstamo Biblioteca de origen Biblioteca actual Ubicación en estantería Fecha de adquisición Fuente de adquisición Total de préstamos Signatura topográfica completa Código de barras Visto por última vez Precio de reemplazo Tipo de ítem Koha
        Biblioteca del Ateneo de Madrid Biblioteca del Ateneo de Madrid Depósito 2 17/01/2008     L-593 1120735 23/02/2023 23/02/2023 Libro impreso